000 00282nam a22001217a 4500
999 _c8825
_d8825
003 OSt
005 20191107154617.0
008 191107b ||||| |||| 00| 0 eng d
040 _cDDC
100 _aHaggard, Ted
245 _aNew Liberation Through Prayer and Fasting
942 _2ddc
_cBK